00912naa a2200217 i 4500001000400000003000400004005001700008008003900025040000800064041000800072080001500080100012300095245008400218260001000302500004200312655003000354773016300384711012100547942001300668999001300681BPPBPK20171222112257.0140223s1997 pl f |100 0 pol cBPK aeng a621.56/.59 aBOHDAL, Tadeusz.d1996 - .bPolitechnika Koszalińska - Wydział Mechaniczny,cZakład Termomechaniki i Chłodnictwa aThe experimental investigation of the subcooled boiling flow /cTadeusz Bohdal. c1997. aDane z bibliografii załącznikowej. 0aMateriały konferencyjne. tPreceedings of the 4th World Conference on Experimental Heat Transfer, Fluid Mechanics and Thermodynamics. Vol.2. -dPisa : Edizioni ETS, 1997. -gpp. 601-606 aWorld Conference on Experimental Heat Transfer, Fluid Mechanics and Thermodynamicsn(4 ;d1997 ;cBruksela, Belgia). cART2UKD c839d839